[Event "TOP 16 Higher pool"]
[Site "BELFORT"]
[Date "????.??.??"]
[Round "8.1"]
[White "Vachier-Lagrave, Maxime"]
[Black "Tabatabaei, M. Amin"]
[Result "1-0"]
[WhiteElo "2723"]
[BlackElo "2670"]
[PlyCount "81"]
[EventDate "2025.05.??"]
[WhiteTeam "ASNIERES"]
[BlackTeam "TREMBLAY"]
[WhiteTeamCountry "FRA"]
[BlackTeamCountry "FRA"]

1. e4 e5 2. Nf3 Nc6 3. Bb5 a6 4. Ba4 Nf6 5. O-O Be7 6. Re1 b5 7. Bb3 d6 8. c3
O-O 9. h3 Nb8 10. d4 Nbd7 11. c4 c6 12. Qc2 a5 13. cxb5 cxb5 14. Nc3 a4 15. Bd5
Nxd5 16. Nxd5 Bb7 17. Nxe7+ Qxe7 18. Qc7 Rab8 19. dxe5 dxe5 20. Bg5 f6 21. Rad1
Bc8 22. Be3 Rb7 23. Qc3 Qf7 24. Rd5 Nb8 25. a3 Bd7 26. Red1 Bc6 27. Rd8 Rd7 28.
R8xd7 Bxd7 29. Rd6 Rc8 30. Qd3 h6 31. Nh4 Kh7 32. Nf5 Bxf5 33. exf5 Qc4 34. Qd1
Nc6 35. Rd7 Nb8 36. Rb7 Qe4 37. Rxb5 Nc6 38. Rc5 Rb8 39. Qd6 Rb6 40. Kh2 Ra6
41. Rc3 1-0

[Event "TOP 16 Higher pool"]
[Site "BELFORT"]
[Date "????.??.??"]
[Round "8.2"]
[White "Murzin, Volodar"]
[Black "Harikrishna, Pentala"]
[Result "1/2-1/2"]
[WhiteElo "2658"]
[BlackElo "2707"]
[PlyCount "66"]
[EventDate "2025.05.??"]
[WhiteTeam "TREMBLAY"]
[BlackTeam "ASNIERES"]
[WhiteTeamCountry "FRA"]
[BlackTeamCountry "FRA"]

1. d4 Nf6 2. c4 e6 3. Nf3 d5 4. g3 Be7 5. Bg2 O-O 6. O-O dxc4 7. Qc2 a6 8. a4
Bd7 9. Qxc4 Bc6 10. Bg5 Bd5 11. Qc2 Be4 12. Qc1 Nc6 13. e3 Bb4 14. Nc3 Bxc3 15.
bxc3 h6 16. Bxf6 Qxf6 17. Nd2 Bxg2 18. Kxg2 Na5 19. Qb1 Qd8 20. Qe4 Qd5 21.
Rfb1 Qxe4+ 22. Nxe4 Rfe8 23. Nc5 b6 24. Nd3 Nc6 25. f4 f6 26. e4 Na5 27. Rb4
Rad8 28. Ra2 Rd6 29. e5 Rd7 30. Re2 Nc6 31. Rc4 Na5 32. Rb4 Nc6 33. Rc4 Na5
1/2-1/2

[Event "TOP 16 Higher pool"]
[Site "BELFORT"]
[Date "????.??.??"]
[Round "8.3"]
[White "Esipenko, Andrey"]
[Black "Van Foreest, Lucas"]
[Result "1-0"]
[WhiteElo "2695"]
[BlackElo "2530"]
[PlyCount "197"]
[EventDate "2025.05.??"]
[WhiteTeam "ASNIERES"]
[BlackTeam "TREMBLAY"]
[WhiteTeamCountry "FRA"]
[BlackTeamCountry "FRA"]

1. e4 e5 2. Nf3 Nc6 3. Bb5 Nf6 4. d3 Bc5 5. Bxc6 dxc6 6. a3 Nd7 7. Nc3 O-O 8.
Be3 Qe7 9. g4 a5 10. Rg1 Rd8 11. Qc1 Nf8 12. Bxc5 Qxc5 13. Qg5 f6 14. Qe3 Qxe3+
15. fxe3 h6 16. h4 g5 17. a4 Ng6 18. h5 Nh8 19. Kf2 Nf7 20. Kg3 Nd6 21. Rgf1
Kg7 22. Rf2 Be6 23. Raf1 Rf8 24. Nd2 Rad8 25. Rb1 Ra8 26. Kh3 Rad8 27. b3 Rde8
28. Rff1 Re7 29. Kg3 Ra8 30. Kf3 Rd7 31. Rfd1 Re8 32. Nf1 Bf7 33. Ng3 Rde7 34.
Rd2 Be6 35. Nd1 Rb8 36. Nf2 Kf7 37. d4 Bd7 38. c4 b6 39. c5 bxc5 40. dxc5 Nc4
41. Rd3 Be6 42. Nf5 Rd7 43. Nxh6+ Kg7 44. Rxd7+ Bxd7 45. Rd1 Kxh6 46. Rxd7 Rxb3
47. Rf7 Rxe3+ 48. Kg2 Ra3 49. Rxf6+ Kh7 50. Rxc6 Ne3+ 51. Kh2 Rxa4 52. Rxc7+
Kh6 53. Rc6+ Kh7 54. Rg6 Ra2 55. Kg3 a4 56. c6 Rc2 57. Nh3 Nf1+ 58. Kf3 Nh2+
59. Kg3 Nf1+ 60. Kf3 Nh2+ 61. Ke3 Rc3+ 62. Kf2 Nxg4+ 63. Kg2 Ne3+ 64. Kg1 a3
65. Nxg5+ Kh8 66. h6 Rc1+ 67. Kf2 Ng4+ 68. Kf3 Nxh6 69. Rxh6+ Kg7 70. Rh2 Rxc6
71. Kg4 Rf6 72. Ra2 Kg6 73. Nh3 Ra6 74. Nf2 Ra4 75. Kf3 Kg5 76. Nd1 Rd4 77. Nf2
Ra4 78. Ng4 Ra5 79. Ne3 Ra8 80. Nd5 Ra4 81. Nc3 Ra8 82. Kg3 Ra6 83. Kf3 Ra8 84.
Nd1 Rd8 85. Nf2 Ra8 86. Nd3 Ra5 87. Ke3 Kg4 88. Ne1 Ra8 89. Nf3 Ra5 90. Rg2+
Kh5 91. Rh2+ Kg6 92. Ra2 Kf6 93. Nd2 Ra4 94. Kd3 Ra8 95. Nb1 Rd8+ 96. Kc2 Rc8+
97. Nc3 Kg5 98. Rxa3 Kf4 99. Kd3 1-0

[Event "TOP 16 Higher pool"]
[Site "BELFORT"]
[Date "????.??.??"]
[Round "8.4"]
[White "Shchekachev, Andrei"]
[Black "Moussard, Jules"]
[Result "1/2-1/2"]
[WhiteElo "2445"]
[BlackElo "2597"]
[PlyCount "144"]
[EventDate "2025.05.??"]
[WhiteTeam "TREMBLAY"]
[BlackTeam "ASNIERES"]
[WhiteTeamCountry "FRA"]
[BlackTeamCountry "FRA"]

1. Nf3 Nf6 2. c4 e6 3. Nc3 d5 4. d4 dxc4 5. e3 a6 6. Bxc4 b5 7. Bb3 Bb7 8. O-O
Nbd7 9. e4 b4 10. e5 bxc3 11. exf6 Qxf6 12. bxc3 Bd6 13. Ba4 Bxf3 14. Qxf3 Qxf3
15. gxf3 Rb8 16. Re1 Ke7 17. Bg5+ Nf6 18. d5 h6 19. Bxf6+ Kxf6 20. dxe6 fxe6
21. Bb3 e5 22. Re4 Rb5 23. Rd1 a5 24. Rd5 Rxd5 25. Bxd5 Rb8 26. Bb3 Rb5 27. Kf1
Rc5 28. Re3 e4 29. h3 exf3 30. Rxf3+ Kg5 31. Be6 a4 32. Rd3 Kf6 33. Bd7 a3 34.
Ba4 Kg5 35. Bb3 Be5 36. c4 Kh4 37. Kg2 Rc6 38. Re3 Rc5 39. Re4+ Kg5 40. Re3 Kf6
41. Rd3 c6 42. Kf1 Bb2 43. Ke2 Kg5 44. Kf1 Kf4 45. Ke2 Ke5 46. Rd7 Ke6 47. Rd3
Ke7 48. Kf1 Ra5 49. Kg2 Ra8 50. Bd1 c5 51. Bb3 Rb8 52. Bd1 Rb4 53. Bb3 Bd4 54.
Rf3 Kd6 55. Kf1 Ke5 56. Ke2 Rb6 57. Rg3 g5 58. Rf3 h5 59. Rg3 g4 60. hxg4 hxg4
61. Kf1 Rf6 62. Rg2 g3 63. Rxg3 Rxf2+ 64. Ke1 Kf4 65. Rd3 Be3 66. Rd8 Rh2 67.
Kd1 Kf3 68. Ra8 Rh1+ 69. Kc2 Bc1 70. Kd3 Bb2 71. Rf8+ Kg4 72. Ke4 Re1+ 1/2-1/2

[Event "TOP 16 Higher pool"]
[Site "BELFORT"]
[Date "????.??.??"]
[Round "8.5"]
[White "Cornette, Matthieu"]
[Black "Abergel, Thal"]
[Result "1-0"]
[WhiteElo "2527"]
[BlackElo "2415"]
[PlyCount "85"]
[EventDate "2025.05.??"]
[WhiteTeam "ASNIERES"]
[BlackTeam "TREMBLAY"]
[WhiteTeamCountry "FRA"]
[BlackTeamCountry "FRA"]

1. e4 d6 2. d4 Nf6 3. Nc3 e5 4. Nf3 Nbd7 5. Bc4 Be7 6. a4 O-O 7. O-O c6 8. h3
h6 9. Re1 Re8 10. Ba2 Qc7 11. Be3 a5 12. Nh4 Nf8 13. dxe5 dxe5 14. Qf3 Be6 15.
Nf5 Bxf5 16. Qxf5 g6 17. Qf3 Kg7 18. g4 Ne6 19. Bxe6 fxe6 20. Qe2 Nh7 21. Qc4
Ng5 22. Kg2 Rf8 23. Red1 Rf7 24. Rd3 Raf8 25. Rad1 Bb4 26. Ne2 Qe7 27. c3 Qf6
28. f4 Be7 29. Ng1 Nxh3 30. Nxh3 exf4 31. Bxf4 g5 32. Bg3 Kg8 33. Ng1 h5 34.
Rf3 Qh6 35. Rdf1 h4 36. Rxf7 Rxf7 37. Be5 Qg6 38. Rxf7 Qxf7 39. Nf3 Kh7 40. Qd3
Kh6 41. Qd7 Kg6 42. Qxb7 h3+ 43. Kg3 1-0

[Event "TOP 16 Higher pool"]
[Site "BELFORT"]
[Date "????.??.??"]
[Round "8.6"]
[White "Bellahcene, Bilel"]
[Black "Pelletier, Yannick"]
[Result "1/2-1/2"]
[WhiteElo "2504"]
[BlackElo "2519"]
[PlyCount "60"]
[EventDate "2025.05.??"]
[WhiteTeam "TREMBLAY"]
[BlackTeam "ASNIERES"]
[WhiteTeamCountry "FRA"]
[BlackTeamCountry "FRA"]

1. e4 e6 2. d4 d5 3. e5 c5 4. c3 Nc6 5. Nf3 Bd7 6. g3 Rc8 7. a3 b5 8. Bd3 cxd4
9. cxd4 Qb6 10. Be3 b4 11. O-O Nge7 12. g4 Ng6 13. Nbd2 Be7 14. a4 Na5 15. Qe2
O-O 16. h4 f5 17. exf6 Bxf6 18. h5 Nh4 19. Ne5 Bxe5 20. dxe5 Qd8 21. f3 Nc4 22.
Nxc4 dxc4 23. Bxc4 Nxf3+ 24. Rxf3 Rxf3 25. Qxf3 Rxc4 26. Rf1 Qe8 27. b3 Bc6 28.
Qg3 Rc3 29. h6 Rc2 30. Rf2 Rxf2 1/2-1/2

[Event "TOP 16 Higher pool"]
[Site "BELFORT"]
[Date "????.??.??"]
[Round "8.7"]
[White "Tregubov, Pavel V"]
[Black "Shirazi, Kamran"]
[Result "1-0"]
[WhiteElo "2548"]
[BlackElo "2234"]
[PlyCount "59"]
[EventDate "2025.05.??"]
[WhiteTeam "ASNIERES"]
[BlackTeam "TREMBLAY"]
[WhiteTeamCountry "FRA"]
[BlackTeamCountry "FRA"]

1. d4 Nf6 2. c4 c6 3. Nc3 d5 4. Nf3 g6 5. cxd5 cxd5 6. Bf4 Bg7 7. e3 O-O 8. Bd3
Bg4 9. h3 Bxf3 10. Qxf3 Nc6 11. O-O e6 12. Rfc1 Ne8 13. a3 Na5 14. Rc2 Nb3 15.
Rd1 Rc8 16. Na4 b6 17. Qe2 Na5 18. Rdc1 Rxc2 19. Qxc2 Nd6 20. Bxd6 Qxd6 21. Qc7
Qxc7 22. Rxc7 e5 23. dxe5 Bxe5 24. Rxa7 Rc8 25. f4 Bf6 26. Nxb6 Rc1+ 27. Kf2
Nc4 28. Nxd5 Bh4+ 29. g3 Nxb2 30. Be2 1-0

[Event "TOP 16 Higher pool"]
[Site "BELFORT"]
[Date "????.??.??"]
[Round "8.8"]
[White "Hernandez, Lara"]
[Black "Guichard, Pauline"]
[Result "0-1"]
[WhiteElo "1978"]
[BlackElo "2324"]
[PlyCount "118"]
[EventDate "2025.05.??"]
[WhiteTeam "TREMBLAY"]
[BlackTeam "ASNIERES"]
[WhiteTeamCountry "FRA"]
[BlackTeamCountry "FRA"]

1. d4 Nf6 2. Nf3 d5 3. g3 c5 4. Bg2 cxd4 5. O-O h6 6. b3 e6 7. Bb2 Bc5 8. Bxd4
Bxd4 9. Qxd4 Nc6 10. Qb2 b5 11. Ne5 Bb7 12. Nd2 O-O 13. c4 Qa5 14. Nxc6 Bxc6
15. b4 Qa4 16. c5 Rfc8 17. Rfe1 Rc7 18. e4 a5 19. e5 Nd7 20. a3 Rca7 21. Rab1
Nb8 22. Nf3 Be8 23. Nd4 Nc6 24. Nxc6 Bxc6 25. Re3 axb4 26. axb4 Qa2 27. Rb3
Qxb2 28. R3xb2 g5 29. f4 Kg7 30. Kf2 Ra1 31. Rxa1 Rxa1 32. Ke2 Kg6 33. Rb3 Ra2+
34. Kf1 g4 35. Kg1 Kf5 36. Kf1 h5 37. h4 Ba8 38. Rb1 Bc6 39. Rb3 Kg6 40. Rb1
Kg7 41. Kg1 Kf8 42. f5 Ke7 43. fxe6 fxe6 44. Rf1 Ra3 45. Kh2 Re3 46. Ra1 Rxe5
47. Ra7+ Kd8 48. Rh7 Be8 49. Kg1 Re1+ 50. Kf2 Rb1 51. Rh6 Rb2+ 52. Kf1 Ke7 53.
Rh7+ Bf7 54. Rh8 Rxb4 55. c6 Rc4 56. Rb8 Rxc6 57. Rxb5 Rc1+ 58. Kf2 Rc2+ 59.
Kf1 Bg6 0-1

[Event "TOP 16 Higher pool"]
[Site "BELFORT"]
[Date "????.??.??"]
[Round "8.9"]
[White "Van Foreest, Jorden"]
[Black "Karthikeyan, Murali"]
[Result "1-0"]
[WhiteElo "2687"]
[BlackElo "2658"]
[PlyCount "131"]
[EventDate "2025.05.??"]
[WhiteTeam "AIX EN PROVENCE"]
[BlackTeam "CANNES"]
[WhiteTeamCountry "FRA"]
[BlackTeamCountry "FRA"]

1. d4 Nf6 2. c4 e6 3. g3 d5 4. Bg2 dxc4 5. Nf3 c5 6. O-O Nc6 7. dxc5 Qxd1 8.
Rxd1 Bxc5 9. Nbd2 c3 10. bxc3 O-O 11. Ne1 Be7 12. Ne4 Rd8 13. Nd3 Nxe4 14. Bxe4
Bd7 15. Rb1 Na5 16. Bxb7 Nxb7 17. Rxb7 Ba4 18. Re1 Bf6 19. c4 Rdc8 20. c5 Bc6
21. Rb3 Be7 22. Be3 f6 23. f3 Kf7 24. Reb1 Rc7 25. Kf2 Rac8 26. Ra3 Be8 27.
Rbb3 g5 28. Ra5 Bd8 29. Ra6 Ra8 30. Nb2 Rc6 31. Rb7+ Rc7 32. c6 Kg6 33. Rxc7
Bxc7 34. Nd3 Rc8 35. Bc5 Bxc6 36. Bxa7 Bd8 37. Nb4 Bd7 38. Rd6 Be7 39. Rxd7
Bxb4 40. Rb7 Rc4 41. Be3 h5 42. Ra7 Bc5 43. Bxc5 Rxc5 44. h3 Rc3 45. Ra8 Kg7
46. a4 Ra3 47. a5 e5 48. a6 Kh7 49. g4 h4 50. a7 Kg7 51. Ke1 Ra2 52. Kd1 Ra1+
53. Kc2 Ra3 54. Kb2 Ra6 55. Kb3 Ra1 56. Kb4 Ra2 57. Kc5 Ra1 58. Kb6 Rb1+ 59.
Kc6 Rc1+ 60. Kd6 Ra1 61. Rc8 Ra6+ 62. Rc6 Rxa7 63. Rc7+ Rxc7 64. Kxc7 Kf7 65.
Kd7 Kg7 66. Ke6 1-0

[Event "TOP 16 Higher pool"]
[Site "BELFORT"]
[Date "????.??.??"]
[Round "8.10"]
[White "Pranesh M"]
[Black "Sadhwani, Raunak"]
[Result "1/2-1/2"]
[WhiteElo "2576"]
[BlackElo "2672"]
[PlyCount "52"]
[EventDate "2025.05.??"]
[WhiteTeam "CANNES"]
[BlackTeam "AIX EN PROVENCE"]
[WhiteTeamCountry "FRA"]
[BlackTeamCountry "FRA"]

1. e4 e5 2. Nf3 Nc6 3. Bc4 Bc5 4. c3 Nf6 5. d3 d6 6. b4 Bb6 7. a4 a5 8. b5 Ne7
9. Nbd2 O-O 10. O-O c6 11. bxc6 bxc6 12. d4 exd4 13. cxd4 Ng6 14. e5 dxe5 15.
dxe5 Ng4 16. Bb2 Rb8 17. Qc2 Re8 18. Ne4 N4xe5 19. Nxe5 Nxe5 20. Rad1 Qh4 21.
Nd6 Nxc4 22. Nxe8 Be6 23. Nd6 Nxb2 24. Qxb2 Bc7 25. Qc2 Bxd6 26. Rxd6 Bd5
1/2-1/2

[Event "TOP 16 Higher pool"]
[Site "BELFORT"]
[Date "????.??.??"]
[Round "8.11"]
[White "Gozzoli, Yannick"]
[Black "Adhiban, B."]
[Result "1/2-1/2"]
[WhiteElo "2567"]
[BlackElo "2518"]
[PlyCount "59"]
[EventDate "2025.05.??"]
[WhiteTeam "AIX EN PROVENCE"]
[BlackTeam "CANNES"]
[WhiteTeamCountry "FRA"]
[BlackTeamCountry "FRA"]

1. d4 Nf6 2. c4 e6 3. Nf3 Bb4+ 4. Bd2 a5 5. a3 Bxd2+ 6. Qxd2 b6 7. Nc3 Bb7 8.
e3 O-O 9. Be2 d6 10. Qc2 Nbd7 11. O-O c5 12. Rad1 Qe7 13. d5 e5 14. e4 g6 15.
g3 Nh5 16. Qc1 Ba6 17. Qh6 Qf6 18. Nh4 Qg7 19. Qd2 Nhf6 20. Kh1 Kh8 21. Rde1
Rae8 22. b3 Ng8 23. Bd3 Qh6 24. Qxh6 Nxh6 25. f4 Ng4 26. f5 Kg7 27. Kg2 Ngf6
28. Nf3 h6 29. Nd1 Rb8 30. a4 1/2-1/2

[Event "TOP 16 Higher pool"]
[Site "BELFORT"]
[Date "????.??.??"]
[Round "8.12"]
[White "Lamard, Guillaume"]
[Black "Cheparinov, Ivan"]
[Result "1/2-1/2"]
[WhiteElo "2500"]
[BlackElo "2641"]
[PlyCount "106"]
[EventDate "2025.05.??"]
[WhiteTeam "CANNES"]
[BlackTeam "AIX EN PROVENCE"]
[WhiteTeamCountry "FRA"]
[BlackTeamCountry "FRA"]

1. d4 Nf6 2. c4 e6 3. Nf3 b6 4. g3 Ba6 5. b3 Bb4+ 6. Bd2 Be7 7. Nc3 d5 8. cxd5
exd5 9. Bg2 O-O 10. O-O Re8 11. Ne5 Bb7 12. a4 c5 13. Bf4 cxd4 14. Qxd4 Bc5 15.
Qd3 Na6 16. Rad1 Nb4 17. Qf5 Qc8 18. Qxc8 Raxc8 19. Nb5 a6 20. Nd4 Nh5 21. Nef3
Nxf4 22. gxf4 Bd6 23. e3 g6 24. Bh3 Rc5 25. Rd2 Re7 26. Rfd1 Rc3 27. Bg4 Rec7
28. h4 Rc1 29. h5 Na2 30. Kg2 Rxd1 31. Rxd1 Nc3 32. Rc1 Rc5 33. hxg6 hxg6 34.
Rh1 Ne4 35. Ne5 Nf6 36. Bh3 Rc3 37. Nef3 Bc5 38. Rb1 a5 39. Kg1 Ne4 40. Bd7 Ba6
41. Rd1 Nf6 42. Bh3 Kf8 43. Bf1 Bc8 44. Rd2 Rc1 45. Kg2 Bg4 46. Bd3 Rc3 47. Bc2
Bxf3+ 48. Nxf3 Bb4 49. Re2 Ke7 50. Nd4 Ne4 51. Bxe4 dxe4 52. Rc2 Rxc2 53. Nxc2
Bc5 1/2-1/2

[Event "TOP 16 Higher pool"]
[Site "BELFORT"]
[Date "????.??.??"]
[Round "8.13"]
[White "Bacrot, Etienne"]
[Black "Di Nicolantonio, Lucas"]
[Result "1/2-1/2"]
[WhiteElo "2633"]
[BlackElo "2413"]
[PlyCount "53"]
[EventDate "2025.05.??"]
[WhiteTeam "AIX EN PROVENCE"]
[BlackTeam "CANNES"]
[WhiteTeamCountry "FRA"]
[BlackTeamCountry "FRA"]

1. Nf3 d5 2. g3 Nf6 3. Bg2 e6 4. O-O Be7 5. d4 O-O 6. c4 c6 7. Qc2 b6 8. Rd1
Bb7 9. b3 Nbd7 10. Nc3 Ba6 11. Qd3 c5 12. Bb2 Qc7 13. Nb5 Bxb5 14. cxb5 a6 15.
bxa6 c4 16. bxc4 dxc4 17. Qc2 b5 18. Ne5 Rxa6 19. a4 bxa4 20. Nxd7 Nxd7 21.
Rxa4 Rxa4 22. Qxa4 Nb6 23. Qa5 Rc8 24. e4 Ra8 25. Qb5 Rb8 26. Qa5 Ra8 27. Qb5
1/2-1/2

[Event "TOP 16 Higher pool"]
[Site "BELFORT"]
[Date "????.??.??"]
[Round "8.14"]
[White "Giroyan, Gary"]
[Black "Boyer, Mahel"]
[Result "0-1"]
[WhiteElo "2419"]
[BlackElo "2521"]
[PlyCount "80"]
[EventDate "2025.05.??"]
[WhiteTeam "CANNES"]
[BlackTeam "AIX EN PROVENCE"]
[WhiteTeamCountry "FRA"]
[BlackTeamCountry "FRA"]

1. e4 e6 2. d4 d5 3. e5 c5 4. c3 Nc6 5. Nf3 Bd7 6. Be2 Rc8 7. O-O h6 8. dxc5
Bxc5 9. Nbd2 Bb6 10. Bd3 Nge7 11. Nb3 O-O 12. Bf4 f5 13. exf6 Rxf6 14. Bg3 Ng6
15. Bc2 Nf4 16. Nbd4 Nxd4 17. cxd4 Be8 18. Qd2 Ba5 19. b4 Bxb4 20. Qxb4 Rxc2
21. Kh1 Ne2 22. Ne5 Qb6 23. Qe7 Rf8 24. Rab1 Qxd4 25. Qxe6+ Kh7 26. Rxb7 Nxg3+
27. hxg3 Rfxf2 28. Rg1 Rce2 29. Re7 Bf7 30. Qd6 Rf5 31. Nf3 Rh5+ 32. Nh2 Rxe7
33. Qxe7 Bg6 34. Rf1 Qd3 35. Qe1 Be4 36. Kg1 Qd4+ 37. Rf2 Rf5 38. Ng4 Rg5 39.
Qe2 Bd3 40. Qd1 Rxg4 0-1

[Event "TOP 16 Higher pool"]
[Site "BELFORT"]
[Date "????.??.??"]
[Round "8.15"]
[White "Govciyan, Pavel"]
[Black "Defromont, Benjamin"]
[Result "1/2-1/2"]
[WhiteElo "2421"]
[BlackElo "2388"]
[PlyCount "89"]
[EventDate "2025.05.??"]
[WhiteTeam "AIX EN PROVENCE"]
[BlackTeam "CANNES"]
[WhiteTeamCountry "FRA"]
[BlackTeamCountry "FRA"]

1. Nf3 g6 2. c4 Bg7 3. Nc3 e6 4. d4 Ne7 5. Bf4 O-O 6. Qd2 d5 7. Bh6 c5 8. Bxg7
Kxg7 9. cxd5 Nxd5 10. dxc5 Nxc3 11. Qxc3+ Qf6 12. Rc1 Bd7 13. Ne5 Rc8 14. g4
Kg8 15. Bg2 Bc6 16. Nxc6 Qxc3+ 17. Rxc3 Nxc6 18. e3 Rc7 19. Ke2 Rac8 20. Rhc1
Kf8 21. a3 Ke7 22. b4 g5 23. h3 h6 24. Be4 Ne5 25. R1c2 Nd7 26. Kd2 Nb8 27. b5
Nd7 28. c6 bxc6 29. Rxc6 Rxc6 30. bxc6 Nf6 31. Bf3 Kd6 32. Kd3 Nd5 33. Bxd5
Kxd5 34. c7 Kd6 35. Kd4 f6 36. f4 Rxc7 37. Rxc7 Kxc7 38. Kc5 Kd7 39. a4 Kc7 40.
fxg5 hxg5 41. e4 e5 42. Kd5 Kd7 43. Kc5 Kc7 44. Kb5 Kb7 45. a5 1/2-1/2

[Event "TOP 16 Higher pool"]
[Site "BELFORT"]
[Date "????.??.??"]
[Round "8.16"]
[White "Bensdorp-De Labaca, Marlies"]
[Black "Benmesbah, Natacha"]
[Result "1-0"]
[WhiteElo "2208"]
[BlackElo "2259"]
[PlyCount "101"]
[EventDate "2025.05.??"]
[WhiteTeam "CANNES"]
[BlackTeam "AIX EN PROVENCE"]
[WhiteTeamCountry "FRA"]
[BlackTeamCountry "FRA"]

1. d4 d6 2. c4 e5 3. d5 Be7 4. Nc3 Bg5 5. e4 Nd7 6. Nge2 Bxc1 7. Rxc1 a5 8. a3
Ne7 9. Ng3 O-O 10. Bd3 Ng6 11. Nf5 Nc5 12. Bc2 Qg5 13. g3 Ne7 14. h4 Qf6 15.
Ne3 Bd7 16. b4 axb4 17. axb4 Na6 18. Rb1 c5 19. dxc6 bxc6 20. b5 Nc5 21. bxc6
Nxc6 22. Nb5 Nd4 23. Nd5 Nxc2+ 24. Qxc2 Qf3 25. Rh2 Bxb5 26. cxb5 Nxe4 27. Qe2
Nd2 28. Ne7+ Kh8 29. Rd1 Qxe2+ 30. Kxe2 Nc4 31. Rc1 Ra2+ 32. Kd3 Nb2+ 33. Ke4
g6 34. f3 Ra4+ 35. Kd5 Rd4+ 36. Kc6 Nd3 37. Rc3 Re8 38. Kd7 Rb8 39. Rc8+ Rxc8
40. Nxc8 d5 41. b6 e4 42. fxe4 dxe4+ 43. Nd6 f5 44. Rc2 Rb4 45. b7 Kg7 46. Kc8
Kh6 47. Nc4 Ne1 48. Rc3 Kh5 49. Ne3 Nf3 50. Rc7 h6 51. Nd5 1-0

[Event "TOP 16 Higher pool"]
[Site "BELFORT"]
[Date "????.??.??"]
[Round "8.17"]
[White "Demuth, Adrien"]
[Black "Puranik, Abhimanyu"]
[Result "0-1"]
[WhiteElo "2524"]
[BlackElo "2624"]
[PlyCount "56"]
[EventDate "2025.05.??"]
[WhiteTeam "GRASSE"]
[BlackTeam "MULHOUSE"]
[WhiteTeamCountry "FRA"]
[BlackTeamCountry "FRA"]

1. Nf3 d5 2. e3 Nf6 3. c4 e6 4. Nc3 Bd6 5. b3 O-O 6. Bb2 Re8 7. d4 b6 8. Bd3
Bb7 9. O-O Nbd7 10. Qe2 e5 11. dxe5 Nxe5 12. Nxe5 Bxe5 13. Nb5 Bxb2 14. Qxb2 a6
15. Nd4 c5 16. Nc2 dxc4 17. Bxc4 Ng4 18. h3 Ne5 19. Be2 Qd2 20. Rfe1 Be4 21.
Rac1 Re6 22. f3 Nxf3+ 23. gxf3 Rg6+ 24. Kf2 Qd6 25. f4 Rg2+ 26. Kf1 Qh6 27. Bg4
Rxg4 28. hxg4 Qh1+ 0-1

[Event "TOP 16 Higher pool"]
[Site "BELFORT"]
[Date "????.??.??"]
[Round "8.18"]
[White "Edouard, Romain"]
[Black "Pranav, V."]
[Result "1-0"]
[WhiteElo "2538"]
[BlackElo "2621"]
[PlyCount "99"]
[EventDate "2025.05.??"]
[WhiteTeam "MULHOUSE"]
[BlackTeam "GRASSE"]
[WhiteTeamCountry "FRA"]
[BlackTeamCountry "FRA"]

1. e4 e5 2. Nf3 Nc6 3. Bb5 a6 4. Ba4 Nf6 5. O-O Be7 6. Re1 d6 7. c3 Bg4 8. h3
Bh5 9. Bxc6+ bxc6 10. d4 Nd7 11. Nbd2 O-O 12. Nf1 f6 13. Ng3 Bf7 14. b3 Re8 15.
c4 c5 16. d5 g6 17. Bh6 c6 18. Nh2 cxd5 19. cxd5 Kh8 20. Ng4 a5 21. Rf1 Qb6 22.
Kh2 Bf8 23. f4 exf4 24. Rxf4 Bxh6 25. Nxh6 Bg8 26. Qf3 Rf8 27. Rf1 a4 28. Ng4
axb3 29. axb3 Ra3 30. Nxf6 Ne5 31. Qf2 Nd3 32. Qd2 Nxf4 33. Qxf4 Qc7 34. Rf3
Raa8 35. h4 Qe7 36. h5 gxh5 37. Ngxh5 Ra7 38. Rg3 Qd8 39. e5 Raf7 40. Qe3 Qe7
41. e6 Rxf6 42. Qc3 Bxe6 43. dxe6 d5 44. Nxf6 d4 45. Nd5 Qd6 46. Qc1 Rf5 47.
Qh6 Qe5 48. Nf4 Rxf4 49. e7 Rf7 50. Qf8+ 1-0

[Event "TOP 16 Higher pool"]
[Site "BELFORT"]
[Date "????.??.??"]
[Round "8.19"]
[White "Aryan Chopra"]
[Black "Gatineau, Yovann"]
[Result "1-0"]
[WhiteElo "2620"]
[BlackElo "2374"]
[PlyCount "101"]
[EventDate "2025.05.??"]
[WhiteTeam "GRASSE"]
[BlackTeam "MULHOUSE"]
[WhiteTeamCountry "FRA"]
[BlackTeamCountry "FRA"]

1. e4 e6 2. d4 d5 3. Nc3 Nf6 4. e5 Nfd7 5. f4 c5 6. Nf3 Nc6 7. Be3 Be7 8. Qd2
O-O 9. dxc5 Qa5 10. O-O-O b6 11. Bb5 Nb4 12. a3 bxc5 13. Kb1 Rb8 14. axb4 cxb4
15. Nxd5 exd5 16. Bxd7 Bxd7 17. Qxd5 Qxd5 18. Rxd5 Bc6 19. Ra5 Rfc8 20. b3 Be4
21. Rc1 a6 22. Nd4 Bxg2 23. Nf5 Kf8 24. Rxa6 Be4 25. Ng3 Bb7 26. Ra7 g6 27. f5
Bc5 28. Bxc5+ Rxc5 29. Re1 gxf5 30. Nxf5 Bd5 31. Nd6 Ra8 32. Rxa8+ Bxa8 33. Rf1
Bd5 34. Nxf7 Ke7 35. Nd6 Ke6 36. Re1 h5 37. Ne4 Rc8 38. h4 Kxe5 39. Nc3+ Kd6
40. Nxd5 Kxd5 41. Rg1 Rf8 42. Rg5+ Kc6 43. Kc1 Rf4 44. Rxh5 Rd4 45. Rh8 Kb7 46.
h5 Rd5 47. h6 Rh5 48. h7 Ka7 49. Kd2 Rh3 50. Ke2 Rh6 51. Ke3 1-0

[Event "TOP 16 Higher pool"]
[Site "BELFORT"]
[Date "????.??.??"]
[Round "8.20"]
[White "Rakotomaharo, Fy Antenaina"]
[Black "Sochacki, Christophe"]
[Result "1-0"]
[WhiteElo "2441"]
[BlackElo "2458"]
[PlyCount "133"]
[EventDate "2025.05.??"]
[WhiteTeam "MULHOUSE"]
[BlackTeam "GRASSE"]
[WhiteTeamCountry "FRA"]
[BlackTeamCountry "FRA"]

1. e4 c5 2. Nf3 e6 3. g3 Nc6 4. Bg2 Nf6 5. d3 d5 6. Nbd2 Be7 7. O-O O-O 8. a4
dxe4 9. dxe4 e5 10. c3 Be6 11. Qe2 Qc7 12. Ng5 Bg4 13. f3 Bd7 14. Nc4 h6 15.
Nh3 Rad8 16. Nf2 Be6 17. Bh3 Bxc4 18. Qxc4 Na5 19. Qe2 Nb3 20. Rb1 c4 21. Be3
Qc6 22. Rfd1 Qxa4 23. f4 exf4 24. gxf4 Bc5 25. Bg2 Qc6 26. Kh1 Bxe3 27. Qxe3
Qc5 28. Qe2 Nh5 29. Nh3 g6 30. e5 b5 31. f5 Kg7 32. Bf3 Rd3 33. Rxd3 cxd3 34.
Qg2 Qxe5 35. Bxh5 Qxf5 36. Bg4 Qe5 37. Rf1 Nc5 38. Nf4 Rd8 39. Bd1 Ne4 40. Bb3
d2 41. Ne2 Nf6 42. Nd4 Qe4 43. Qxe4 Nxe4 44. Kg2 b4 45. Kf3 Nc5 46. Bc2 bxc3
47. bxc3 Ne6 48. Nxe6+ fxe6 49. Ke2 Rd5 50. Bd3 e5 51. Rd1 a5 52. Ke3 a4 53.
Rxd2 Rc5 54. c4 a3 55. Ra2 Ra5 56. Kd2 Kf6 57. Kc3 Ra7 58. Kb4 e4 59. Bxe4 Ke5
60. Bd5 Kd4 61. Rxa3 Re7 62. Rh3 g5 63. Rxh6 Re2 64. Kb5 g4 65. Re6 Rb2+ 66.
Kc6 Kd3 67. Rg6 1-0

[Event "TOP 16 Higher pool"]
[Site "BELFORT"]
[Date "????.??.??"]
[Round "8.22"]
[White "Navrotescu, Andreea"]
[Black "Barbot, Pierre"]
[Result "1/2-1/2"]
[WhiteElo "2323"]
[BlackElo "2454"]
[PlyCount "76"]
[EventDate "2025.05.??"]
[WhiteTeam "MULHOUSE"]
[BlackTeam "GRASSE"]
[WhiteTeamCountry "FRA"]
[BlackTeamCountry "FRA"]

1. d4 d5 2. c4 e5 3. dxe5 d4 4. Nf3 Nc6 5. a3 g6 6. e3 Bg4 7. Be2 dxe3 8. Qxd8+
Rxd8 9. Bxe3 Bh6 10. Nbd2 Bxe3 11. fxe3 Nh6 12. h3 Bxf3 13. Nxf3 O-O 14. Kf2
Rde8 15. Rad1 Nxe5 16. Nxe5 Rxe5 17. Rd7 Rc8 18. g4 Kf8 19. Bf3 Re7 20. Rhd1
Rxd7 21. Rxd7 Ke8 22. Rd4 c6 23. b4 f6 24. h4 Rc7 25. c5 Nf7 26. Be4 Ne5 27.
Kg3 Re7 28. Bc2 Nf7 29. Kf2 Re5 30. Bb3 Nh6 31. Kf3 Ke7 32. Ba2 Nf7 33. Bxf7
Kxf7 34. Rd7+ Re7 35. Rd6 Re6 36. Rd7+ Re7 37. Rd6 Rc7 38. Kf4 Re7 1/2-1/2

[Event "TOP 16 Higher pool"]
[Site "BELFORT"]
[Date "????.??.??"]
[Round "8.23"]
[White "Loiseau, Quentin"]
[Black "Papadiamandis, Elliot"]
[Result "0-1"]
[WhiteElo "2400"]
[BlackElo "2316"]
[PlyCount "78"]
[EventDate "2025.05.??"]
[WhiteTeam "GRASSE"]
[BlackTeam "MULHOUSE"]
[WhiteTeamCountry "FRA"]
[BlackTeamCountry "FRA"]

1. Nf3 Nf6 2. c4 c5 3. Nc3 d5 4. cxd5 Nxd5 5. e3 Nxc3 6. dxc3 Qc7 7. e4 g6 8.
Bc4 Bg7 9. h4 h6 10. Be3 Nd7 11. Qb3 O-O 12. h5 g5 13. Nxg5 hxg5 14. Bxg5 Qe5
15. Be3 Qxe4 16. h6 Bf6 17. Bd5 Qh7 18. O-O-O Ne5 19. g4 Bxg4 20. Rdg1 Kh8 21.
f4 Nd3+ 22. Kd2 e6 23. Rxg4 exd5 24. Rh5 c4 25. Qb5 Qe4 26. h7 Rae8 27. Rh3 a6
28. Qb6 Re6 29. Qc7 Nxb2 30. Rg8+ Rxg8 31. hxg8=R+ Kxg8 32. Qc8+ Re8 33. Rg3+
Bg7 34. Qg4 Qd3+ 35. Kc1 Qxc3+ 36. Kb1 Qd3+ 37. Kc1 Qg6 38. Qh3 Qf6 39. Qd7
Qc3+ 0-1